National Internal Revenue Code : (Record no. 25687)
[ view plain ]
| 000 -LEADER | |
|---|---|
| fixed length control field | 00511nam a22001697a 4500 |
| 005 - DATE AND TIME OF LATEST TRANSACTION | |
| control field | 20140310183635.0 |
| 008 - FIXED-LENGTH DATA ELEMENTS--GENERAL INFORMATION | |
| fixed length control field | 131126b xxu||||| |||| 00| 0 eng d |
| 020 ## - INTERNATIONAL STANDARD BOOK NUMBER | |
| International Standard Book Number | 9789715849616 |
| 050 ## - LIBRARY OF CONGRESS CALL NUMBER | |
| Classification number | KPM 2784.31997 |
| Item number | .P48 2010 |
| 100 ## - MAIN ENTRY--PERSONAL NAME | |
| Personal name | Aduana,Nick L. |
| 245 ## - TITLE STATEMENT | |
| Title | National Internal Revenue Code : |
| Remainder of title | (Republic Act 8424) with notes and Comments / |
| Statement of responsibility, etc | Nick L. Aduana |
| 260 ## - PUBLICATION, DISTRIBUTION, ETC. (IMPRINT) | |
| Place of publication, distribution, etc | Quezon |
| Name of publisher, distributor, etc | C & E publishing, Inc |
| Date of publication, distribution, etc | 2010 |
| 300 ## - PHYSICAL DESCRIPTION | |
| Extent | 535 p. : |
| Dimensions | 22 cm. |
| 521 ## - TARGET AUDIENCE NOTE | |
| Target audience note | |
| 546 ## - LANGUAGE NOTE | |
| Language note | C14003 |
| 942 ## - ADDED ENTRY ELEMENTS (KOHA) | |
| Source of classification or shelving scheme | Library of Congress Classification |
| Koha item type | Books |
| Call number prefix | Local |
| Withdrawn status | Lost status | Source of classification or shelving scheme | Damaged status | Home library | Current library | Shelving location | Date acquired | Total Checkouts | Total Renewals | Full call number | Barcode | Date last seen | Date checked out | Copy number | Price effective from | Koha item type |
|---|---|---|---|---|---|---|---|---|---|---|---|---|---|---|---|---|
| Library of Congress Classification | College Library | College Library | General Circulation Section | 11/26/2013 | 1 | 10 | KPM 2784.31997 .P48 2010 | C14003 | 09/03/2018 | 07/24/2018 | 1 | 11/26/2013 | Books |